| 000 | 00000nam##2200000za#4500 |
| 001 | 9.700196 |
| 003 | CaOODSP |
| 005 | 20210625000726 |
| 007 | cr ||||||||||| |
| 008 | 150407|2003||||xxc|||||o f|0| 0 eng|d |
| 040 | |aCaOODSP|beng |
| 043 | |an-cn--- |
| 086 | 1 |aSC84-2/5555-1001E-MP3 |
| 110 | 1 |aCanada.|bPublic Service Commission of Canada. |bLanguage Training Canada. |
| 245 | 10|aInterface Canada. Teacher's book 1 audio file |h[electronic resource] |
| 260 | |aOttawa - Ontario : |bPublic Service Commission. |c2003. |
| 300 | |aDuration: 00:49:33 |
| 500 | |a"Interface Canada is the core component of the Communicative English at Work Program, Language Training Canada, Public Service Commission of Canada."--Verso of title page. |
| 500 | |aTitle supplied by cataloguer. Comprised of sound files related to the print and PDF versions of Interface Canada, teacher's book 1. Contents: Unit 1, Practice 1—Unit 2, Presentation—Unit 4, Practice 1—Unit 5, Presentation, Part 2—Unit 6, Practice 2—Unit 6, Presentation, Part 1, Part 2, Part 3, Part 4—Unit 7, Practice 1—Unit 7, Presentation, Part 2—Unit 8, Practice 1—Unit 9, Practice 2—Unit 9, Presentation, Part 1, Part 2, Part all—Unit 10, Practice 1—Unit 11, Practice 1—Unit 12, Practice1—Unit 13, Presentation, Part 2—Unit 13, Practice 3—Tests—Conversation—Part 1, English Intro; Part 2, French Intro.— |
| 520 | 3 |aINTERFACE CANADA is a series for adults studying English as a second language. The series, which covers the beginning to upper-intermediate levels, provides a functional-notional syllabus as well as a structural syllabus. The material is designed primarily to develop speaking and listening skills, with a special emphasis on language used in the office. The INTERFACE CANADA series consists of student books 1 to 8, teacher books 1 to 8, and Role Playing for Consolidation – student and teacher books. Each book provides approximately fifty hours of classroom instruction. |
| 590 | |a15-01-Supp|b2015-01-26 |
| 590 | |a14-52-Supp|b2014-08-22 |
| 856 | 40|ahttp://publications.gc.ca|qMP3|s14,423 KB|uhttps://publications.gc.ca/collections/collection_2014/efpc-csps/SC84-2-5555-1001-t1-eng.mp3 |
| 856 | 40|ahttp://publications.gc.ca|qMP3|s5176 KB|uhttps://publications.gc.ca/collections/collection_2014/efpc-csps/SC84-2-5555-1001-t1-p1f-eng.mp3 |
| 856 | 40|ahttp://publications.gc.ca|qMP3|s5078 KB|uhttps://publications.gc.ca/collections/collection_2014/efpc-csps/SC84-2-5555-1001-4-eng.mp3 |
| 856 | 40|ahttp://publications.gc.ca|qMP3|s2505 KB|uhttps://publications.gc.ca/collections/collection_2014/efpc-csps/SC84-2-5555-1001-1-eng.mp3 |
| 856 | 40|ahttp://publications.gc.ca|qMP3|s2715 KB|uhttps://publications.gc.ca/collections/collection_2014/efpc-csps/SC84-2-5555-1001-2-eng.mp3 |
| 856 | 40|ahttp://publications.gc.ca|qMP3|s3098 KB|uhttps://publications.gc.ca/collections/collection_2014/efpc-csps/SC84-2-5555-1001-6-2-eng.mp3 |
| 856 | 40|ahttp://publications.gc.ca|qMP3|s1492 KB|uhttps://publications.gc.ca/collections/collection_2014/efpc-csps/SC84-2-5555-1001-6-p2-eng.mp3 |
| 856 | 40|ahttp://publications.gc.ca|qMP3|s1473 KB|uhttps://publications.gc.ca/collections/collection_2014/efpc-csps/SC84-2-5555-1001-6-p3-eng.mp3 |
| 856 | 40|ahttp://publications.gc.ca|qMP3|s1491 KB|uhttps://publications.gc.ca/collections/collection_2014/efpc-csps/SC84-2-5555-1001-6-p4-eng.mp3 |
| 856 | 40|ahttp://publications.gc.ca|qMP3|s1694 KB|uhttps://publications.gc.ca/collections/collection_2014/efpc-csps/SC84-2-5555-1001-8-1-eng.mp3 |
| 856 | 40|ahttp://publications.gc.ca|qMP3|s4344 KB|uhttps://publications.gc.ca/collections/collection_2014/efpc-csps/SC84-2-5555-1001-9-1-eng.mp3 |
| 856 | 40|ahttp://publications.gc.ca|qMP3|s3113 KB|uhttps://publications.gc.ca/collections/collection_2014/efpc-csps/SC84-2-5555-1001-9-2-eng.mp3 |
| 856 | 40|ahttp://publications.gc.ca|qMP3|s7726 KB|uhttps://publications.gc.ca/collections/collection_2014/efpc-csps/SC84-2-5555-1001-9-eng.mp3 |
| 856 | 40|ahttp://publications.gc.ca|qMP3|s3556 KB|uhttps://publications.gc.ca/collections/collection_2014/efpc-csps/SC84-2-5555-1001-9-p2-eng.mp3 |
| 856 | 40|ahttp://publications.gc.ca|qMP3|s4507 KB|uhttps://publications.gc.ca/collections/collection_2014/efpc-csps/SC84-2-5555-1001-10-1-eng.mp3 |
| 856 | 40|ahttp://publications.gc.ca|qMP3|s3342 KB|uhttps://publications.gc.ca/collections/collection_2014/efpc-csps/SC84-2-5555-1001-11-1-eng.mp3 |
| 856 | 40|ahttp://publications.gc.ca|qMP3|s4778 KB|uhttps://publications.gc.ca/collections/collection_2014/efpc-csps/SC84-2-5555-1001-13-1-eng.mp3 |
| 856 | 40|ahttp://publications.gc.ca|qMP3|s3037 KB|uhttps://publications.gc.ca/collections/collection_2014/efpc-csps/SC84-2-5555-1001-12-1-eng.mp3 |
| 856 | 40|ahttp://publications.gc.ca|qMP3|s2332 KB|uhttps://publications.gc.ca/collections/collection_2014/efpc-csps/SC84-2-5555-1001-5-2-eng.mp3 |
| 856 | 40|ahttp://publications.gc.ca|qMP3|s2332 KB|uhttps://publications.gc.ca/collections/collection_2014/efpc-csps/SC84-2-5555-1001-5-2-eng.mp3 |
| 856 | 40|ahttp://publications.gc.ca|qMP3|s1577 KB|uhttps://publications.gc.ca/collections/collection_2014/efpc-csps/SC84-2-5555-1001-6-1-eng.mp3 |
| 856 | 40|ahttp://publications.gc.ca|qPDF|s3573 KB|uhttps://publications.gc.ca/collections/collection_2014/efpc-csps/SC84-2-5555-1001-7-1-eng.mp3 |
| 856 | 40|ahttp://publications.gc.ca|qMP3|s1537 KB|uhttps://publications.gc.ca/collections/collection_2014/efpc-csps/SC84-2-5555-1001-7-2-eng.mp3 |
| 856 | 40|ahttp://publications.gc.ca|qMP3|s5043 KB|uhttps://publications.gc.ca/collections/collection_2014/efpc-csps/SC84-2-5555-1001-t1-p1e-eng.mp3 |